[Event "It (open)"]
[Site "masterchessopen.com – Passau (Germany)"]
[Round "1"]
[White "Campe Herbert (GER)"]
[Black "Nussbaecher Andreas (GER)"]
[Result "0-1"]
[WhiteElo "1846"]
[BlackElo "2159"]

1.e4 c5 2.Nf3 g6 3.d4 cxd4 4.Nxd4 Bg7 5.c4 Nc6 6.Be3 Nf6 7.Nc3 O-O 8.Be2 b6
9.O-O Bb7 10.Qd2 Nxd4 11.Bxd4 e5 12.Bxe5 Nxe4 13.Nxe4 Bxe5 14.f4 Bxb2 15.Qxb2
Bxe4 16.Rad1 Re8 17.Rd4 Qf6 18.Qd2 Bxg2 19.Rxd7 Bxf1 20.Bxf1 Red8 21.Rd5 Rxd5
22.cxd5 {#R} 0-1

[Event "Ch Poland (team) (2nd liga)"]
[Site "masterchessopen.com – Polanica Zdroj (Poland)"]
[Round "1"]
[White "Kotwicka Maja (POL)"]
[Black "Bednarska Malgorzata (POL)"]
[Result "0-1"]
[WhiteElo "2003"]
[BlackElo "2228"]

1.e4 c5 2.Nf3 g6 3.d4 Bg7 4.c4 cxd4 5.Nxd4 Nc6 6.Be3 Nf6 7.Nc3 d6 8.Be2 O-O
9.O-O Bd7 10.Qd2 Nxd4 11.Bxd4 Bc6 12.f3 a5 13.Rab1 Nd7 14.Bxg7 Kxg7 15.Qd4+
Kg8 16.Rfc1 Qb6 17.Qxb6 Nxb6 18.a3 a4 19.Nd5 Nc8 20.c5 Bxd5 21.exd5 {#R} 0-1

[Event "Zt (w)"]
[Site "masterchessopen.com – Villa Martelli (Argentina)"]
[Round "7"]
[White "Zuriel Marisa (ARG)"]
[Black "Maggiolo Elisa (ARG)"]
[Result "0-1"]
[WhiteElo "2070"]
[BlackElo "2109"]

1.e4 c5 2.Nf3 Nc6 3.d4 cxd4 4.Nxd4 g6 5.c4 Bg7 6.Be3 Nf6 7.Nc3 d6 8.Be2 O-O
9.O-O Bd7 10.Qd2 Nxd4 11.Bxd4 Bc6 12.f3 a5 13.Rad1 Nd7 14.Bxg7 Kxg7 15.Nd5 Nc5
16.Qd4+ e5 17.Qd2 Ne6 18.Qe3 Bxd5 19.Rxd5 Nf4 20.Rd2 Qg5 {#R} 0-1

[Event "It (open) \"]
[Site "masterchessopen.com – Crailsheim (Germany)"]
[Date "1999.05.24"]
[Round "6"]
[White "Glaeser Peter (GER)"]
[Black "Nussbaecher Andreas (GER)"]
[Result "0-1"]
[WhiteElo "2094"]
[BlackElo "2159"]

1.e4 c5 2.Nf3 g6 3.d4 cxd4 4.Nxd4 Bg7 5.c4 Nc6 6.Be3 Nf6 7.Nc3 O-O 8.Be2 b6
9.Qd2 Bb7 10.Nc2 d6 11.O-O-O Rc8 12.f3 Rc7 13.Kb1 Qb8 14.h4 h5 15.g4 hxg4
16.fxg4 Ne5 17.h5 Nxe4 18.Nxe4 Bxe4 19.Bh6 Nxc4 20.Bxc4 Rxc4 21.Bxg7 Kxg7
22.hxg6 Rh8 {#R} 0-1

[Event "It (open) (a)"]
[Site "masterchessopen.com – Dortmund (Germany)"]
[Round "8"]
[White "Heinicke Wenke (GER)"]
[Black "Klempt Guenter (GER)"]
[Result "0-1"]
[WhiteElo "2090"]
[BlackElo "2070"]

1.e4 c5 2.Nf3 Nc6 3.d4 cxd4 4.Nxd4 g6 5.c4 Bg7 6.Be3 Nf6 7.Nc3 O-O 8.Be2 Qa5
9.O-O d6 10.Qd2 Nxd4 11.Bxd4 Nxe4 12.Qe3 Nxc3 13.bxc3 e5 {#R} 0-1

[Event "It (open)"]
[Site "masterchessopen.com – Dubai (United Arab Emirates)"]
[Round "7"]
[White "Kayumov Dmitry D (UZB)"]
[Black "Taleb Moussa (UAE)"]
[Result "1-0"]
[WhiteElo "2473"]
[BlackElo "2389"]

1.e4 c5 2.Nf3 Nc6 3.d4 cxd4 4.Nxd4 g6 5.c4 Bg7 6.Be3 Nf6 7.Nc3 O-O 8.Be2 Nxd4
9.Bxd4 d6 10.O-O Be6 11.Rc1 Qa5 12.f4 Rfd8 13.Kh1 Bc8 14.a3 e5 15.b4 Qxa3
16.Bxe5 Qxb4 17.Bxf6 Bxf6 18.Nd5 Qb2 {#r} 1-0

[Event "Ch Germany"]
[Site "masterchessopen.com – Heringsdorf (Germany)"]
[Round "5"]
[White "Stahr Ralf-Peter (GER)"]
[Black "Valet Richard (GER)"]
[Result "1-0"]
[WhiteElo "2150"]
[BlackElo "2148"]

1.c4 c5 2.Nf3 Nc6 3.d4 cxd4 4.Nxd4 g6 5.e4 Bg7 6.Be3 Nf6 7.f3 d6 8.Qd2 Bd7
9.Nc3 Qa5 10.Be2 a6 11.Nb3 Qb4 12.Qc2 Na5 13.Nd2 Nxe4 14.fxe4 Nc6 15.Nd5 Qxb2
16.Qxb2 Bxb2 17.Rb1 {#r} 1-0

[Event "Ch Yugoslavia (team)"]
[Site "masterchessopen.com – Novi Sad (Yugoslavia)"]
[Round "6"]
[White "Cabrilo Goran (SRB)"]
[Black "Kosanovic Goran A (SRB)"]
[Result "1-0"]
[WhiteElo "2493"]
[BlackElo "2464"]

1.Nf3 c5 2.c4 g6 3.d4 cxd4 4.Nxd4 Nc6 5.e4 Bg7 6.Be3 Nf6 7.Nc3 O-O 8.Be2 b6
9.O-O Bb7 10.f3 d6 11.Qd2 Nd7 12.Rac1 Nxd4 13.Bxd4 Bxd4+ 14.Qxd4 Nc5 15.Rfd1
f6 16.b4 Nd7 17.f4 a5 18.a3 axb4 19.axb4 Ra3 20.Bf3 Rf7 21.Nb5 Ra4 22.Qb2 Qa8
23.Rd2 Nf8 24.Bd1 {#r} 1-0

[Event "It (open)"]
[Site "masterchessopen.com – Saint Paul (USA)"]
[Round "4"]
[White "Valvo Michael J (USA)"]
[Black "Betaneli Aleksandr (USA)"]
[Result "0-1"]
[WhiteElo "2368"]
[BlackElo "2244"]

1.e4 c5 2.Nf3 Nc6 3.d4 cxd4 4.Nxd4 g6 5.c4 Bg7 6.Be3 Nf6 7.Nc3 O-O 8.Be2 b6
9.O-O Bb7 10.Qd2 Nxd4 11.Bxd4 e5 12.Bxe5 Nxe4 13.Nxe4 Bxe5 14.Nd6 Bc6 15.f4
Bg7 16.Rad1 Qf6 17.b3 Qc3 18.Bf3 Qxd2 19.Rxd2 Bc3 20.Rd3 Bb4 21.g3 f5 22.Rfd1
Bxd6 {#R} 0-1

[Event "It (cat.10)"]
[Site "masterchessopen.com – Budapest (Hungary)"]
[Round "8"]
[White "Varga Zoltan (HUN)"]
[Black "Felgaer Ruben (ARG)"]
[Result "1-0"]
[WhiteElo "2506"]
[BlackElo "2467"]

1.e4 c5 2.Nf3 Nc6 3.d4 cxd4 4.Nxd4 g6 5.c4 Bg7 6.Be3 Nf6 7.Nc3 O-O 8.Be2 d6
9.O-O Bd7 10.Rc1 Nxd4 11.Bxd4 Bc6 12.f3 a5 13.b3 Nd7 14.Be3 Nc5 15.Nd5 e6
16.Nf4 Qe7 17.Qd2 b6 18.Bd1 Rfd8 19.Re1 Qb7 20.Bc2 Bb5 21.cxb5 {#r} 1-0

[Event "Ch Spain (open)"]
[Site "masterchessopen.com – Cala Mendia (Spain)"]
[Round "3"]
[White "Martinez Gonzalez Alejandro (ESP)"]
[Black "Sarto Ramos Angel (ESP)"]
[Result "1-0"]
[WhiteElo "2260"]
[BlackElo "2097"]

1.c4 c5 2.Nf3 g6 3.d4 cxd4 4.Nxd4 Bg7 5.e4 Nc6 6.Be3 Nf6 7.Nc3 O-O 8.Be2 d6
9.O-O Bd7 10.f3 Qa5 11.Qd2 Rfc8 12.Rfd1 a6 13.Nb3 Qb4 14.c5 Be6 15.cxd6 Bxb3
16.axb3 Qxb3 17.Na4 Nd7 18.Ra3 Qe6 19.dxe7 Rc7 20.Rd3 Nce5 21.Nb6 Nxd3 22.Nxa8
Rc8 23.Qxd3 {#r} 1-0

[Event "Ch Netherlands (open)"]
[Site "masterchessopen.com – Dieren (Netherlands)"]
[Round "3"]
[White "Van Der Poel Henk (NED)"]
[Black "Van Leent Dmitri (NED)"]
[Result "1-0"]
[WhiteElo "2268"]
[BlackElo "2070"]

1.e4 c5 2.Nf3 Nc6 3.d4 cxd4 4.Nxd4 g6 5.c4 Bg7 6.Be3 Nf6 7.Nc3 O-O 8.Be2 b6
9.O-O Bb7 10.f3 Qb8 11.Qd2 Rd8 12.Rfd1 d6 13.Rac1 Rd7 14.b3 Qf8 15.Nxc6 Bxc6
16.Nd5 Ne8 17.a4 e6 18.Nc3 Nf6 19.Nb5 d5 20.cxd5 Bb7 21.Nc7 exd5 22.e5 Nh5
23.Nxa8 Bxa8 24.g4 {#r} 1-0

[Event "It (open)"]
[Site "masterchessopen.com – Helsinki (Finland)"]
[Round "4"]
[White "Nyysti Sampsa (FIN)"]
[Black "Rantanen Yrjo A (FIN)"]
[Result "1-0"]
[WhiteElo "2215"]
[BlackElo "2330"]

1.e4 c5 2.Nf3 Nc6 3.d4 cxd4 4.Nxd4 g6 5.c4 Bg7 6.Be3 Nf6 7.Nc3 O-O 8.Be2 b6
9.O-O Bb7 10.f3 Nh5 11.Rf2 f5 12.exf5 gxf5 13.f4 Nxd4 14.Bxd4 Nxf4 15.Bxg7
Nxe2+ 16.Nxe2 Kxg7 17.Qd4+ Kg8 18.Rd1 Bc6 19.Rd3 e6 20.Rg3+ Kf7 21.Rxf5+ Ke7
22.Qh4+ {#r} 1-0

[Event "It (open) (juniors) (under 14)"]
[Site "masterchessopen.com – Hengelo (Netherlands)"]
[Round "4"]
[White "Navarro Ortiz De Orruno P (ESP)"]
[Black "Van Kerkhof David (NED)"]
[Result "1-0"]
[WhiteElo "2072"]
[BlackElo "2279"]

1.e4 c5 2.Nf3 Nc6 3.d4 cxd4 4.Nxd4 g6 5.c4 Bg7 6.Be3 Nf6 7.Nc3 O-O 8.Be2 b6
9.O-O Bb7 10.f3 Qb8 11.Qd2 Rd8 12.Rad1 d6 13.Nd5 Rd7 14.Nxc6 Bxc6 15.Bd4 Nh5
16.f4 Bxd4+ 17.Qxd4 Ng7 18.f5 Bxd5 19.cxd5 Ne8 20.fxg6 hxg6 21.Bg4 Rc7 22.Rxf7
Rc4 23.Rf8+ {#r} 1-0

[Event "It (open)"]
[Site "masterchessopen.com – Korinthos (Greece)"]
[Round "3"]
[White "Panagiotopoulos Nikolaos (GRE)"]
[Black "Pimenidis Anastasios (GRE)"]
[Result "1-0"]
[WhiteElo "2068"]
[BlackElo "1808"]

1.e4 c5 2.Nf3 Nc6 3.d4 cxd4 4.Nxd4 g6 5.c4 Bg7 6.Be3 Nf6 7.Nc3 d6 8.Be2 O-O
9.O-O Bd7 10.Rc1 Rc8 11.f3 e6 12.Ndb5 Ne5 13.Nxd6 Rc6 14.c5 h5 15.h3 Bc8 16.b4
a6 17.Bg5 Ned7 18.f4 Qc7 19.e5 Nh7 20.Be7 b6 21.Bxf8 Nhxf8 22.Bf3 {#r} 1-0

[Event "Ch Spain (team) (2 div)"]
[Site "masterchessopen.com – Spain"]
[Round "1"]
[White "Blazquez Gomez Juan Carlos (ESP)"]
[Black "Gonzalez Diaz Diego (ESP)"]
[Result "0-1"]
[WhiteElo "2265"]
[BlackElo "2290"]

1.e4 c5 2.Nf3 Nc6 3.d4 cxd4 4.Nxd4 g6 5.c4 Bg7 6.Be3 Nf6 7.Nc3 d6 8.Be2 O-O
9.O-O Bd7 10.h3 Nxd4 11.Bxd4 Bc6 12.f4 a5 13.Bf3 Nd7 14.Ne2 e5 15.Bf2 exf4
16.Qxd6 Bxb2 17.Rad1 Be5 18.Qa3 Qf6 19.Rd2 Rfc8 20.Rfd1 Nf8 21.Bc5 h5 22.Be7
Qe6 23.Bh4 Qxc4 {#R} 0-1

[Event "It (open)"]
[Site "masterchessopen.com – St. Lo (France)"]
[Round "4"]
[White "Marie Maxime (FRA)"]
[Black "Blanche Paul (FRA)"]
[Result "1-0"]
[WhiteElo "2194"]
[BlackElo "2118"]

1.e4 c5 2.Nf3 Nc6 3.d4 cxd4 4.Nxd4 g6 5.c4 Bg7 6.Be3 Nf6 7.f3 O-O 8.Nc3 d6
9.Be2 Nd7 10.Qd2 Nxd4 11.Bxd4 Bxd4 12.Qxd4 Qb6 13.Qd2 Nc5 14.h4 Ne6 15.Nd5 Qd8
16.f4 Nc7 17.h5 e6 18.Nc3 d5 19.O-O-O b5 20.exd5 b4 21.Ne4 exd5 22.Qd4 f5
23.hxg6 {#r} 1-0

[Event "It (open)"]
[Site "masterchessopen.com – Vitoria (Brazil)"]
[Date "2001.06.15"]
[Round "2"]
[White "Borges Wagner (BRA)"]
[Black "Barata Adriano Albiani (BRA)"]
[Result "1-0"]
[WhiteElo "2242"]
[BlackElo "2217"]

1.e4 c5 2.Nf3 Nc6 3.d4 cxd4 4.Nxd4 g6 5.c4 Bg7 6.Be3 Nf6 7.Nc3 O-O 8.Be2 b6
9.Qd2 Bb7 10.f3 e6 11.Nc2 d5 12.cxd5 exd5 13.exd5 Ne7 14.d6 Nf5 15.Bf4 Nh5
16.Bg5 Bf6 17.Bxf6 Qxf6 18.O-O-O Nh4 19.Ne4 Qf4 20.g3 Qxd2+ 21.Rxd2 {#r} 1-0

[Event "It (open)"]
[Site "masterchessopen.com – Fouesnant (France)"]
[Round "4"]
[White "Bacon Flavien (FRA)"]
[Black "Cloarec Audrey (FRA)"]
[Result "1-0"]
[WhiteElo "1852"]
[BlackElo "1845"]

1.e4 c5 2.Nf3 Nc6 3.d4 cxd4 4.Nxd4 g6 5.c4 Bg7 6.Be3 Nf6 7.Nc3 O-O 8.Be2 d6
9.f3 Bd7 10.O-O Qb6 11.Na4 Qa5 12.Nc3 Nxd4 13.Bxd4 Rac8 14.Bxf6 Bxf6 15.Nd5
Qc5+ 16.Kh1 Be6 17.Nxf6+ exf6 18.b3 Rc6 19.Qd2 f5 20.Bd3 Re8 21.Rfe1 Qd4
22.exf5 gxf5 23.g4 fxg4 24.Bxh7+ {#r} 1-0

[Event "It (open)"]
[Site "masterchessopen.com – Guben (Germany)"]
[Round "2"]
[White "Wiech Grzegorz (POL)"]
[Black "Kasper Mike (GER)"]
[Result "1-0"]
[WhiteElo "2279"]
[BlackElo "1938"]

1.e4 c5 2.Nf3 Nc6 3.d4 cxd4 4.Nxd4 g6 5.c4 Bg7 6.Be3 Nf6 7.Nc3 O-O 8.Be2 d6
9.O-O Be6 10.Rc1 Rc8 11.b3 Qa5 12.f3 a6 13.Qd2 Bd7 14.Rfd1 Na7 15.Nd5 Qd8
16.Nc2 Nc6 17.Nxf6+ Bxf6 18.c5 Ne5 19.cxd6 exd6 20.Qxd6 Be6 21.Qxd8 Bxd8
22.Nb4 Ba5 23.Nd5 Nc6 24.Rxc6 bxc6 {#r} 1-0

[Event "Ch Europe (juniors) (under 14)"]
[Site "masterchessopen.com – Peniscola (Spain)"]
[Round "4"]
[White "Laznicka Viktor (CZE)"]
[Black "Kiratzopoulos Efthimios (GRE)"]
[Result "1-0"]
[WhiteElo "2348"]
[BlackElo "2097"]

1.e4 c5 2.Nf3 Nc6 3.d4 cxd4 4.Nxd4 g6 5.c4 Bg7 6.Be3 Nf6 7.Nc3 O-O 8.Be2 d6
9.O-O Bd7 10.Rc1 Nxd4 11.Bxd4 Bc6 12.b4 Qd7 13.Be3 {#r} 1-0

[Event "It (open)"]
[Site "masterchessopen.com – Sevilla (Spain)"]
[Round "5"]
[White "Fernandez Romero Ernesto (ESP)"]
[Black "Garrido Dominguez Jesus (ESP)"]
[Result "1-0"]
[WhiteElo "2396"]
[BlackElo "2137"]

1.e4 c5 2.Nf3 Nc6 3.d4 cxd4 4.Nxd4 g6 5.c4 Bg7 6.Be3 Nf6 7.Nc3 O-O 8.Be2 d6
9.O-O Ng4 10.Bxg4 Bxg4 11.Nxc6 Qd7 12.Nxe7+ {#r} 1-0

[Event "Tournament (team) \"]
[Site "masterchessopen.com – Slovenia"]
[Round "3"]
[White "Drinovec Ales (SLO)"]
[Black "Kavcic Alojz"]
[Result "1-0"]
[WhiteElo "2161"]
[BlackElo "1999"]

1.e4 c5 2.Nf3 Nc6 3.d4 cxd4 4.Nxd4 g6 5.c4 Bg7 6.Be3 Nf6 7.Nc3 d6 8.Be2 a6
9.O-O h5 10.h3 Bd7 11.f4 Qc8 12.Kh2 Rb8 13.Rc1 Bh6 14.Qd2 O-O 15.Nf3 b6 16.Nh4
b5 17.f5 b4 18.Bxh6 bxc3 19.Qxc3 Ne5 20.Bxf8 Kxf8 21.fxg6 {#r} 1-0

[Event "It (open) \"]
[Site "masterchessopen.com – Aviles (Spain)"]
[Round "3"]
[White "Tan Kevin (NED)"]
[Black "Montes Vazquez Sergio (ESP)"]
[Result "1-0"]
[WhiteElo "2279"]
[BlackElo "1921"]

1.e4 c5 2.Nf3 Nc6 3.d4 cxd4 4.Nxd4 g6 5.c4 Bg7 6.Be3 Nf6 7.Nc3 O-O 8.Be2 Nxd4
9.Bxd4 d6 10.O-O Nd7 11.Bxg7 Kxg7 12.Kh1 Nc5 13.f4 Bd7 14.b4 Ne6 15.f5 Nc7
16.Qd4+ Kg8 17.Qd1 Qe8 18.f6 Ne6 19.Qd2 a5 20.Nd5 {#r} 1-0

[Event "Ch India"]
[Site "masterchessopen.com – Calicut (India)"]
[Round "6"]
[White "Das Arghyadip (IND)"]
[Black "Roy Chowdhury Saptarshi (IND)"]
[Result "0-1"]
[WhiteElo "2353"]
[BlackElo "2376"]

1.e4 c5 2.Nf3 Nc6 3.d4 cxd4 4.Nxd4 g6 5.c4 Bg7 6.Be3 Nf6 7.Nc3 O-O 8.Be2 b6
9.O-O Bb7 10.Rc1 Nxd4 11.Bxd4 Bh6 12.e5 Bxc1 13.Qxc1 Ne8 14.Nd5 Nc7 15.Nf6+
exf6 16.exf6 Ne6 17.Bc3 Qc7 18.g3 Qc6 19.f3 Rfe8 20.b4 d5 21.Bd3 d4 22.Bb2 Qd6
23.Qh6 Qe5 {#R} 0-1

[Event "Ch Russia (juniors) (under 20)"]
[Site "masterchessopen.com – Essentuki (Russia)"]
[Round "3"]
[White "Maletin Pavel (RUS)"]
[Black "Savchenko Boris (RUS)"]
[Result "0-1"]
[WhiteElo "2457"]
[BlackElo "2484"]

1.e4 c5 2.Nf3 Nc6 3.d4 cxd4 4.Nxd4 g6 5.c4 Bg7 6.Be3 Nf6 7.Nc3 O-O 8.Be2 d6
9.O-O Bd7 10.Nc2 Ne8 11.Qd2 Nc7 12.Rfd1 Be6 13.Rab1 f5 14.exf5 Bxf5 15.Rbc1
Ne6 16.Bf3 Bxc2 17.Rxc2 Rxf3 18.gxf3 Ned4 {#R} 0-1

[Event "Ch World (juniors) (under 16) (g)"]
[Site "masterchessopen.com – Halkidiki (Greece)"]
[Round "3"]
[White "Pourkashiyan Atousa (IRI)"]
[Black "Kirillova Varvara (RUS)"]
[Result "1-0"]
[WhiteElo "2217"]
[BlackElo "2262"]

1.e4 c5 2.Nf3 Nc6 3.d4 cxd4 4.Nxd4 g6 5.c4 Bg7 6.Be3 Nf6 7.Nc3 O-O 8.Be2 d6
9.O-O Bd7 10.Kh1 Ng4 11.Bxg4 Bxg4 12.Nxc6 Bxd1 13.Nxd8 Bc2 14.Nxb7 Rfb8
15.Rac1 Bd3 16.Rfd1 Bxc3 17.bxc3 Bxe4 18.Na5 Rb2 19.Rd2 Rab8 20.Nb3 Rb1
21.Rxb1 Bxb1 22.h3 a6 23.c5 dxc5 24.Nxc5 {#r} 1-0

[Event "It (open)"]
[Site "masterchessopen.com – Mislata (Spain)"]
[Round "6"]
[White "Fenollar Jorda Manuel (ESP)"]
[Black "Castella Fausto (ESP)"]
[Result "0-1"]
[WhiteElo "2191"]
[BlackElo "2414"]

1.e4 c5 2.Nf3 Nc6 3.d4 cxd4 4.Nxd4 g6 5.c4 Bg7 6.Be3 Nf6 7.Nc3 O-O 8.Be2 b6
9.O-O Bb7 10.Rc1 Nxd4 11.Bxd4 Bh6 12.e5 Bxc1 13.exf6 Bh6 14.Bf3 Bc6 15.Nd5
Bxd5 16.Bxd5 Rc8 17.h4 e6 18.Be4 Rxc4 19.b3 Rc1 20.Qg4 Rxf1+ 21.Kxf1 Qc7 22.g3
d5 23.Bd3 e5 24.Bb2 Qd6 {#R} 0-1

[Event "It (open)"]
[Site "masterchessopen.com – San Salvador (El Salvador)"]
[Round "9"]
[White "Arias Lemmys A (ESA)"]
[Black "Urbina Ricardo (HON)"]
[Result "1-0"]
[WhiteElo "2312"]
[BlackElo "2247"]

1.e4 c5 2.Nf3 Nc6 3.d4 cxd4 4.Nxd4 g6 5.c4 Bg7 6.Be3 Nf6 7.Nc3 O-O 8.Be2 d6
9.O-O Bd7 10.Nc2 Qa5 11.f3 Rfc8 12.Qd2 Be6 13.Rac1 Ne5 14.b3 Nfd7 15.Nd4 Qd8
16.f4 {#r} 1-0

[Event "Ch Ukraine"]
[Site "masterchessopen.com – Simferopol (Ukraine)"]
[Round "4"]
[White "Gritsayeva Oksana (UKR)"]
[Black "Nechaev Andrei (UKR)"]
[Result "0-1"]
[WhiteElo "2286"]
[BlackElo "2393"]

1.e4 c5 2.Nf3 Nc6 3.d4 cxd4 4.Nxd4 g6 5.c4 Bg7 6.Be3 Nf6 7.Nc3 O-O 8.Be2 d6
9.O-O Bd7 10.Qd2 Nxd4 11.Bxd4 Bc6 12.Qe3 e5 13.Bxa7 Nd7 14.Nb5 b6 15.Bxb6 Qxb6
16.Qxb6 Nxb6 17.Nxd6 Nc8 18.Nxc8 Rfxc8 19.Bd3 Bf8 20.a3 Rd8 21.Rfd1 Ba4 22.Kf1
Bxd1 23.Rxd1 Rab8 {#R} 0-1

[Event "It (open)"]
[Site "masterchessopen.com – Szombathely (Hungary)"]
[Round "1"]
[White "Rigo Zsolt (SVK)"]
[Black "Tessedik Karoly (HUN)"]
[Result "1-0"]
[WhiteElo "2374"]
[BlackElo "1931"]

1.e4 c5 2.Nf3 Nc6 3.d4 cxd4 4.Nxd4 g6 5.c4 Bg7 6.Be3 Nf6 7.Nc3 Nxd4 8.Bxd4 d6
9.Be2 O-O 10.O-O b6 11.Qd2 Qc7 12.Bxf6 Bxf6 13.Nd5 Qb8 14.Rad1 Kg7 15.Nxf6
Kxf6 16.Qd4+ Ke6 17.Bg4+ f5 18.exf5+ gxf5 19.Qg7 Re8 20.Bxf5+ {#r} 1-0

[Event "Ch Hungary (team) 2002/03 (2 liga)"]
[Site "masterchessopen.com – Hungary"]
[Date "2003.03.23"]
[Round "9"]
[White "Dekic Josip (SRB)"]
[Black "Honfi Gyorgy (HUN)"]
[Result "1-0"]
[WhiteElo "2318"]
[BlackElo "2201"]

1.e4 c5 2.Nf3 Nc6 3.d4 cxd4 4.Nxd4 g6 5.c4 Bg7 6.Be3 Nf6 7.Nc3 d6 8.Be2 O-O
9.O-O Bd7 10.Qd2 Nxd4 11.Bxd4 Bc6 12.f3 Nd7 13.Bf2 Qa5 14.Rac1 f5 15.exf5 Rxf5
16.a3 Ne5 17.f4 Bh6 18.Be3 Nf7 19.g4 Rf6 20.g5 Re6 21.gxh6 Qf5 22.Nd5 Nxh6
23.Bf3 Ng4 24.Rce1 {#r} 1-0

[Event "It (open) (c)"]
[Site "masterchessopen.com – Aragon (Spain)"]
[Round "0"]
[White "Roche Simon Miguel A (ESP)"]
[Black "Martin Catalan Juan Vicente (ESP)"]
[Result "0-1"]
[WhiteElo "2178"]
[BlackElo "2134"]

1.e4 c5 2.Nf3 g6 3.c4 Nc6 4.d4 cxd4 5.Nxd4 Bg7 6.Be3 Nf6 7.Nc3 d6 8.Be2 O-O
9.O-O Nxd4 10.Bxd4 Be6 11.Qd2 Qa5 12.Rfd1 Rfc8 13.b3 Nd7 14.Nd5 Qd8 15.Qg5
Bxd5 16.Qxd5 Bxd4 17.Rxd4 Rc5 18.Qxb7 Rb8 19.Qxa7 Ra5 20.Qxb8 Qxb8 21.Rd2 Qb4
22.Rad1 Ra3 23.Kf1 Qa5 {#R} 0-1

[Event "It (open)"]
[Site "masterchessopen.com – Gdansk (Poland)"]
[Date "2003.11.18"]
[Round "8"]
[White "Dlugosz Jedrzej (POL)"]
[Black "Bachan Daniel (POL)"]
[Result "1-0"]
[WhiteElo "2265"]
[BlackElo "2076"]

1.e4 c5 2.Nf3 Nc6 3.d4 cxd4 4.Nxd4 g6 5.c4 Bg7 6.Be3 Nf6 7.Nc3 O-O 8.Be2 d6
9.O-O Bd7 10.Qd2 Ng4 11.Bxg4 Bxg4 12.f3 Bd7 13.Rfd1 a6 14.Rac1 Rc8 15.Nd5 Nxd4
16.Bxd4 Bxd4+ 17.Qxd4 Rc6 18.c5 dxc5 19.Rxc5 e5 20.Qxe5 Re8 21.Qd4 Ree6 22.Nf4
Re7 23.Rd5 Rc7 24.Nh5 {#r} 1-0

[Event "It (open)"]
[Site "masterchessopen.com – Bizovac (Croatia)"]
[Date "2004.02.26"]
[Round "1"]
[White "Bilic Ivan (CRO)"]
[Black "Cebalo Miso (CRO)"]
[Result "0-1"]
[WhiteElo "2112"]
[BlackElo "2520"]

1.e4 c5 2.Nf3 Nc6 3.d4 cxd4 4.Nxd4 g6 5.Be3 Bg7 6.c4 Nf6 7.Nc3 O-O 8.Be2 d6
9.f3 Bd7 10.Qd2 Nxd4 11.Bxd4 Bc6 12.O-O-O a6 13.Kb1 Qd7 14.g4 b5 15.h4 bxc4
16.h5 Qb7 17.hxg6 hxg6 18.Bxc4 Rfc8 19.Bd3 Rab8 20.a3 Nxe4 21.Bxe4 Bxd4 22.Ka1
Bxe4 23.fxe4 Rxc3 {#R} 0-1

[Event "Ch France (team) (juniors) 2003/04"]
[Site "masterchessopen.com – France"]
[Date "2004.05.01"]
[Round "10"]
[White "L'Huillier Thibaud (FRA)"]
[Black "Tassetti Matthieu (FRA)"]
[Result "1-0"]
[WhiteElo "2142"]
[BlackElo "1999"]

1.e4 c5 2.Nf3 Nc6 3.d4 cxd4 4.Nxd4 g6 5.c4 Bg7 6.Be3 Nf6 7.Nc3 O-O 8.Be2 d6
9.O-O Nd7 10.Nxc6 bxc6 11.Qd2 Ba6 12.Rad1 Re8 13.f4 Qa5 14.Nb1 Qxa2 15.Bd4
Bxd4+ 16.Qxd4 Nb6 17.Nd2 c5 18.Qc3 Na4 19.Qc1 Nxb2 20.Qc2 Qa3 21.Rc1 Qe3+
22.Rf2 Nxc4 23.Nxc4 Bxc4 24.Bxc4 {#r} 1-0

[Event "Ch Europe (juniors) (under 18)"]
[Site "masterchessopen.com – Urgup (Turkey)"]
[Date "2004.07.29"]
[Round "1"]
[White "Tonoli Benjamin (BEL)"]
[Black "Kuzmicz Krystian (POL)"]
[Result "0-1"]
[WhiteElo "2086"]
[BlackElo "2371"]

1.e4 c5 2.c4 g6 3.Ne2 Bg7 4.d4 cxd4 5.Nxd4 Nc6 6.Be3 Nf6 7.Nc3 O-O 8.Be2 d6
9.O-O Bd7 10.Qd2 Qa5 11.a3 Nxd4 12.Bxd4 Nxe4 13.Nxe4 Qxd2 14.Nxd2 Bxd4 15.Rab1
Bf5 16.Rbd1 Bxb2 17.Nb1 Rac8 18.Bd3 Be6 19.Rfe1 Rc7 20.Re2 Bf6 21.Nd2 Rfc8
22.Rb1 b6 23.h3 Kf8 24.Kh2 Bc3 {#R} 0-1

[Event "It (open)"]
[Site "masterchessopen.com – Ortigueira (Spain)"]
[Date "2004.08.08"]
[Round "6"]
[White "Carraminana Lopez Luis Antonio (ESP)"]
[Black "Fernando Gros Jorge (ESP)"]
[Result "0-1"]
[WhiteElo "2061"]
[BlackElo "2070"]

1.e4 c5 2.Nf3 g6 3.c4 Bg7 4.d4 cxd4 5.Nxd4 Nc6 6.Be3 Nf6 7.f3 O-O 8.Nc3 Ne8
9.Be2 d6 10.Qd2 Nc7 11.Nc2 f5 12.exf5 Bxf5 13.O-O-O Ne6 14.Bd3 Kh8 15.Bxf5
Rxf5 16.Nd5 a5 17.Rde1 Ne5 18.Bb6 Qd7 19.Nde3 Rg8 20.c5 Rf4 21.Nd5 Nc4 22.Qe2
Bxb2+ 23.Kb1 Qb5 24.Ncb4 Bd4 {#R} 0-1

[Event "It (open) \"]
[Site "masterchessopen.com – Berlin (Germany)"]
[Date "2004.08.18"]
[Round "5"]
[White "Idaczek Guenter (GER)"]
[Black "Baudach Marvin"]
[Result "1-0"]
[WhiteElo "1879"]
[BlackElo "1598"]

1.e4 g6 2.c4 c5 3.Nf3 Bg7 4.d4 cxd4 5.Nxd4 Nc6 6.Be3 Nf6 7.Nc3 d6 8.f3 O-O
9.Qd2 a6 10.h4 Nxd4 11.Bxd4 Nh5 12.Bxg7 Nxg7 13.g4 h5 14.gxh5 Nxh5 15.O-O-O
Qa5 16.Rg1 Qe5 17.Kb1 Kg7 18.Bd3 Bd7 19.Nd5 f5 20.Rg5 b5 21.Rxh5 gxh5 22.Qg5+
Kf7 23.Qxh5+ Ke6 24.Qg6+ {#r} 1-0

[Event "Ch France (team) (juniors) 2004/05"]
[Site "masterchessopen.com – France"]
[Date "2004.11.20"]
[Round "1"]
[White "Thibaud Corentin (FRA)"]
[Black "Lambert Romain (FRA)"]
[Result "1-0"]
[WhiteElo "2005"]
[BlackElo "2062"]

1.e4 c5 2.Nf3 Nc6 3.d4 cxd4 4.Nxd4 g6 5.c4 Bg7 6.Be3 Nf6 7.Nc3 O-O 8.Be2 d6
9.O-O Ng4 10.Bxg4 Bxd4 11.Bxc8 Bxc3 12.Bxb7 Rb8 13.Bxc6 Rxb2 14.Rb1 Rxa2
15.Qb3 Ra6 16.Bb5 {#r} 1-0